000 00844nam a22002297a 4500
999 _c177595
_d177595
005 20210408145502.0
010 _aB-739264-266 B-739743
020 _a9789390066803
_c350.00
035 _aB-739264-266
035 _aB-739743
037 _bScholastic
037 _bGift
082 _aS
100 _aStilton, Thea
245 _aThea Stilton and the race for the gold /
_cby Thea Stilton
260 _aNew York
_bScholastic
_c2020
270 _a557 Broadway
_bNew York
_eNY 10012
300 _a170p.:
_c19cm(pbk)
_bill.
942 _2ddc
_cCH
_hS
_mSTI